19. mezinárodní kongres IWSA - Budapešť 2.-8.10.1993
Uložené v:
| Ďalší autori: | , |
|---|---|
| Médium: | Kniha |
| Jazyk: | Slovak Czech |
| Vydavateľské údaje: |
[S.l.]
FACOM
1994
|
| Vydanie: | 1. vyd. |
| Predmet: | |
| Tagy: |
Žiadne tagy, Buďte prvý, kto otaguje tento záznam!
|
MARC
| LEADER | 00000nam a2200000 4500 | ||
|---|---|---|---|
| 001 | c005371 | ||
| 005 | 20221214075225.0 | ||
| 041 | 0 | |a slo | |
| 041 | 0 | |a cze | |
| 044 | |a CZ | ||
| 245 | 1 | 0 | |a 19. mezinárodní kongres IWSA - Budapešť |b 2.-8.10.1993 |c Prekl. M. Babiak, I. Čiháková |
| 250 | |a 1. vyd. | ||
| 264 | 1 | |a [S.l.] |b FACOM |c 1994 | |
| 300 | |a 52 s. | ||
| 610 | 2 | 0 | |a vodohospodárstvo |
| 610 | 2 | 0 | |a prostredie životné |
| 610 | 2 | 0 | |a zdroje vodné |
| 610 | 2 | 0 | |a voda |
| 610 | 2 | 0 | |a odpad komunálny |
| 700 | 1 | |a Babiak, M. | |
| 700 | 1 | |a Čiháková, I. | |